000 00453cam a2200181 4500
001 D14586
008 090401t1925 xxu||||| |||| 00| 0 eng d
035 _a(Sirsi) u16698
041 _aeng
050 _a694.012
100 _aBlake, Ernest G
245 _aEnemies of timber: dry rot and the death-watch beetle...
260 _aLondon
_bChapman & Hall
_c1925
300 _axvii. 206p. ill. 22cm
350 _a0
942 _n0
948 _c04/03/1997
999 _c87447
_d87447